[Event "RHP Coorespondance"]
[Date "2008.04.10"]
[EndDate "2008.04.23"]
[Round "?"]
[White "Tomasino, James"]
[Black "Rosen, Joshua"]
[WhiteRating "1785"]
[BlackRating "1042"]
[WhiteElo "1785"]
[BlackElo "1042"]
[Result "1-0"]
[GameId "4854956"]

1. e4 e5 2. Ng1f3 f5 3. Nf3xe5 Ng8h6 4. Nb1c3 d6 5. Ne5f3 Bc8e6 6. d4 fxe4 7. Nc3xe4 Nh6f5 8. Nf3g5 Be6d5 9. Qd1e2 Nf5xd4 10. Ne4f6 1-0

[Event "RHP Coorespondance"]
[Date "2008.04.09"]
[EndDate "2008.05.06"]
[Round "?"]
[White "Tomasino, James"]
[Black "76Xadres"]
[WhiteRating "1785"]
[BlackRating "1322"]
[WhiteElo "1785"]
[BlackElo "1322"]
[Result "1-0"]
[GameId "4848533"]

1. e4 e5 2. Ng1f3 f6 3. d4 exd4 4. Nf3xd4 Qd8e7 5. Nb1c3 Qe7d6 6. f4 b6 7. Nc3b5 Qd6b4 8. c3 Qb4e7 9. Nb5xc7 Ke8d8 10. Nc7xa8 Qe7xe4 11. Nd4e2 Qe4xa8 12. b4 Ng8h6 13. Ne2g3 Bf8d6 14. Bc1e3 Rh8e8 15. Qd1d3 Bc8b7 16. O-O-O Nb8a6 17. Qd3xd6 Qa8c8 18. Kc1b2 Re8xe3 19. Qd6f8 Kd8c7 20. Qf8xg7 Nh6g8 21. Qg7xh7 Re3e7 22. Qh7d3 Kc7b8 23. Ng3f5 Bb7e4 24. Qd3d6 Na6c7 25. Nf5xe7 Qc8e8 26. Ne7xg8 Qe8xg8 27. Qd6xf6 Qg8c8 28. Bf1b5 Nc7xb5 29. Qf6e5 Kb8b7 30. Qe5xe4 Kb7b8 31. Qe4e5 Nb5c7 32. h4 Qc8b7 33. Rh1h2 a5 34. Rd1xd7 a4 35. h5 Qb7a7 36. Rd7d8 Kb8b7 37. Qe5e4 Kb7a6 38. h6 b5 39. Rd8d6 Qa7b6 40. Rd6xb6 Ka6a7 41. Qe4b7 1-0

[Event "March 2008 One-Zero Grand II"]
[Date "2008.03.08"]
[EndDate "2008.04.08"]
[Round "1"]
[White "76Xadres"]
[Black "Tomasino, James"]
[WhiteRating "1322"]
[BlackRating "1785"]
[WhiteElo "1322"]
[BlackElo "1785"]
[Result "0-1"]
[GameId "4708761"]

1. e4 e5 2. Ng1f3 Nb8c6 3. Bf1c4 Ng8f6 4. Nf3g5 d5 5. exd5 Nf6xd5 6. d4 exd4 7. Qd1f3 f6 8. Bc4xd5 Bf8c5 9. Qf3e2 Ke8f8 10. Ng5f7 Qd8xd5 11. Nf7xh8 Bc8f5 12. O-O Bf5h3 13. gxh3 Ra8e8 14. Qe2d3 Re8e5 15. Bc1f4 Re5h5 16. c4 Qd5d7 17. Nb1c3 Rh5xh3 18. Bf4g3 Nc6b4 19. Qd3f3 Nb4c2 20. Nc3d5 Bc5d6 21. Bg3xd6 cxd6 22. Ra1c1 Rh3xf3 23. Rc1xc2 Qd7g4 24. Kg1h1 Rf3h3 25. f3 Qg4g3 26. Nd5c7 d3 27. Rc2d2 g5 28. Rf1g1 Qg3xf3 29. Rg1g2 g4 30. Nc7e6 Kf8g8 31. Rd2f2 Qf3xf2 32. Rg2xf2 g3 33. Rf2xf6 Rh3xh2 34. Kh1g1 Rh2f2 35. Ne6f4 d2 36. Rf6xd6 Kg8xh8 37. Rd6d8 Kh8g7 38. Nf4h5 Kg7g6 0-1

[Event "March 2008 One-Zero Grand II"]
[Date "2008.03.08"]
[EndDate "2008.03.13"]
[Round "1"]
[White "Tomasino, James"]
[Black "PtiteMel"]
[WhiteRating "1785"]
[BlackRating "1039"]
[WhiteElo "1785"]
[BlackElo "1039"]
[Result "1-0"]
[GameId "4708724"]

1. e4 c5 2. d4 cxd4 3. Qd1xd4 Nb8c6 4. Qd4a4 d6 5. Bf1b5 Bc8d7 6. Bc1e3 Ng8f6 7. Ng1f3 1-0

[Event "March 2008 One-Zero Grand II"]
[Date "2008.03.08"]
[EndDate "2008.03.18"]
[Round "1"]
[White "Tomasino, James"]
[Black "Hamp, David"]
[WhiteRating "1785"]
[BlackRating "1129"]
[WhiteElo "1785"]
[BlackElo "1129"]
[Result "1-0"]
[GameId "4708720"]

1. e4 Nb8c6 2. d4 e5 3. d5 Nc6d4 4. Nb1c3 Bf8b4 5. Ng1f3 d6 6. Bc1g5 f6 7. Bg5e3 Nd4xf3 8. Qd1xf3 Qd8d7 9. Bf1b5 c6 10. dxc6 bxc6 11. Bb5a4 Bc8a6 12. O-O-O Ng8e7 13. a3 Bb4xc3 14. bxc3 Ra8b8 15. Be3c5 Ne7c8 16. Bc5b4 Nc8b6 17. Rd1xd6 Qd7c7 18. Qf3g4 Ba6c8 19. Qg4h5 g6 20. Ba4xc6 Ke8e7 21. Rd6d7 Ke7e8 22. Rd7xc7 Ke8d8 23. Qh5d1 Kd8xc7 24. Qd1d6 1-0

[Event "March 2008 One-Zero Grand II"]
[Date "2008.03.08"]
[EndDate "2008.03.14"]
[Round "1"]
[White "Tomasino, James"]
[Black "amirulmas93"]
[WhiteRating "1785"]
[BlackRating "997"]
[WhiteElo "1785"]
[BlackElo "997"]
[Result "1-0"]
[GameId "4708716"]

1. e4 c5 2. Nb1c3 d6 3. Bf1c4 Ng8f6 4. d3 e6 5. Ng1f3 Bf8e7 6. h4 O-O 7. O-O b6 8. Nf3g5 Bc8b7 9. h5 Nb8c6 10. Bc4b5 a6 11. Bb5c4 1-0

[Event "March 2008 One-Zero Grand II"]
[Date "2008.03.08"]
[EndDate "2008.03.14"]
[Round "1"]
[White "amirulmas93"]
[Black "Tomasino, James"]
[WhiteRating "997"]
[BlackRating "1785"]
[WhiteElo "997"]
[BlackElo "1785"]
[Result "0-1"]
[GameId "4708620"]

1. c4 e5 2. b3 Ng8f6 3. Nb1c3 c6 4. g3 d5 5. Bf1g2 d4 6. Nc3e4 Bc8f5 7. Ne4g5 g6 8. Ng1f3 e4 9. Nf3g1 Nf6g4 10. Bc1b2 Qd8xg5 11. Bb2xd4 c5 0-1

[Event "Clan RHP Coorespondance"]
[Date "2008.03.07"]
[EndDate "2008.04.17"]
[Round "?"]
[White "kyue"]
[Black "Tomasino, James"]
[WhiteRating "893"]
[BlackRating "1785"]
[WhiteElo "893"]
[BlackElo "1785"]
[Result "0-1"]
[GameId "4705979"]

1. c4 Ng8f6 2. g3 g6 3. Bf1g2 Bf8g7 4. Nb1c3 O-O 5. e4 d6 6. Ng1e2 c5 7. O-O Bc8g4 8. h3 Qd8d7 9. hxg4 Qd7xg4 10. d4 cxd4 11. Qd1xd4 Nb8c6 12. Qd4d3 Nc6b4 13. Qd3d4 Nb4c2 14. f3 Qg4d7 15. Qd4f2 Nc2xa1 16. Bc1f4 Na1c2 17. a3 Ra8c8 18. Qf2xa7 Rc8a8 19. Qa7f2 e5 20. Bf4g5 h6 21. Bg5d2 Ra8c8 22. a4 Rc8xc4 23. b3 Rc4b4 24. f4 Rb4xb3 25. f5 g5 26. a5 Rf8a8 27. Nc3d5 Nf6xd5 28. exd5 f6 29. g4 Qd7a4 30. Rf1c1 Nc2d4 31. Ne2xd4 exd4 32. Qf2e2 Rb3g3 33. Qe2e6 Kg8h7 34. Qe6xd6 Rg3xg4 35. Rc1c7 Qa4d1 36. Kg1h2 Rg4h4 37. Kh2g3 Qd1xd2 38. Kg3f3 Qd2d3 39. Kf3f2 Qd3xf5 40. Bg2f3 Rh4h3 41. Kf2e2 Qf5xf3 42. Ke2d2 Qf3f2 43. Kd2c1 Rh3h1 0-1

[Event "RHP Coorespondance"]
[Date "2008.03.07"]
[EndDate "2008.04.22"]
[Round "?"]
[White "Tomasino, James"]
[Black "Fowler, Sabrina"]
[WhiteRating "1785"]
[BlackRating "976"]
[WhiteElo "1785"]
[BlackElo "976"]
[Result "1-0"]
[GameId "4702542"]

1. e4 e5 2. Ng1f3 Nb8c6 3. d4 d6 4. dxe5 dxe5 5. Nb1c3 h6 6. Qd1xd8 Ke8xd8 7. Bc1e3 Bf8b4 8. O-O-O Kd8e7 9. Bf1c4 Ng8f6 10. a3 Bb4a5 11. b4 Nc6xb4 12. axb4 Ba5xb4 13. Nc3d5 Ke7f8 14. Nd5xc7 Nf6xe4 15. Nc7xa8 Ne4c3 16. Rd1d8 Kf8e7 17. Rd8xh8 Bc8f5 18. Nf3xe5 Nc3a2 19. Kc1b2 Na2c3 20. Na8c7 Nc3a4 21. Kb2b3 Bf5xc2 22. Kb3xb4 1-0

[Event "RHP Coorespondance"]
[Date "2008.03.06"]
[EndDate "2008.03.18"]
[Round "?"]
[White "Tomasino, James"]
[Black "Traderious"]
[WhiteRating "1785"]
[BlackRating "1285"]
[WhiteElo "1785"]
[BlackElo "1285"]
[Result "1-0"]
[GameId "4700946"]

1. e4 g6 2. d4 Bf8g7 3. Ng1f3 e6 4. e5 d5 5. Bc1g5 Ng8e7 6. Bg5f6 O-O 7. Bf6xg7 Kg8xg7 8. Bf1d3 Kg7g8 9. O-O b6 10. Qd1d2 Bc8b7 11. Qd2h6 f5 12. Nf3g5 Rf8f7 13. Ng5xf7 Kg8xf7 14. Qh6xh7 Kf7e8 15. Nb1c3 Nb8c6 16. h4 Nc6xd4 17. h5 gxh5 18. Qh7xh5 Ke8d7 19. Qh5h7 a6 20. b4 c6 21. Ra1b1 Kd7c7 22. Nc3a4 Ra8c8 23. Na4c5 bxc5 24. bxc5 f4 25. f3 Kc7b8 26. Bd3xa6 Kb8a7 27. Ba6xb7 Rc8b8 28. Qh7d3 Nd4b5 29. Bb7xc6 Ne7xc6 30. Rb1xb5 Rb8xb5 31. Qd3xb5 Nc6d4 32. Qb5a4 Ka7b8 33. Qa4xd4 1-0

[Event "RHP Coorespondance"]
[Date "2008.02.27"]
[EndDate "2008.03.06"]
[Round "?"]
[White "Tomasino, James"]
[Black "Fowler, Sabrina"]
[WhiteRating "1785"]
[BlackRating "976"]
[WhiteElo "1785"]
[BlackElo "976"]
[Result "1-0"]
[GameId "4662730"]

1. e4 g6 2. d4 b6 3. Ng1f3 Bc8b7 4. g3 Ng8f6 5. Bf1g2 e6 6. e5 Nf6g4 7. Nf3g5 Bb7xg2 8. Qd1xg4 Bg2xh1 9. Qg4f4 Bf8h6 10. Qf4xf7 1-0

[Event "RHP Coorespondance"]
[Date "2008.02.22"]
[EndDate "2008.02.28"]
[Round "?"]
[White "Tomasino, James"]
[Black "Hensel, Douglas"]
[WhiteRating "1785"]
[BlackRating "1050"]
[WhiteElo "1785"]
[BlackElo "1050"]
[Result "1-0"]
[GameId "4639725"]

1. f4 d5 2. Ng1f3 c5 3. d4 Bc8f5 4. dxc5 Nb8d7 5. Qd1xd5 Bf5xc2 6. Nb1c3 e6 7. Qd5xb7 Nd7xc5 8. Qb7c6 Nc5d7 9. Nf3d4 Ra8c8 10. Qc6f3 Nd7f6 11. Nd4xc2 h5 12. e4 Nf6g4 13. Bf1b5 Ke8e7 14. f5 exf5 15. Nc3d5 Ke7e6 16. Nc2d4 Ke6e5 17. Bc1f4 Ke5xd4 18. Qf3d3 Kd4c5 19. Qd3c4 1-0

[Event "RHP Coorespondance"]
[Date "2008.02.22"]
[EndDate "2008.03.17"]
[Round "?"]
[White "Wyatt, Guy"]
[Black "Tomasino, James"]
[WhiteRating "1260"]
[BlackRating "1785"]
[WhiteElo "1260"]
[BlackElo "1785"]
[Result "0-1"]
[GameId "4639697"]

1. e4 c5 2. Ng1f3 d6 3. Nb1c3 e5 4. Bf1b5 Nb8c6 5. d4 exd4 6. Nc3e2 Qd8a5 7. Bc1d2 Qa5xb5 8. b3 Nc6e5 9. a4 Qb5c6 10. b4 Qc6xe4 11. c3 Ne5d3 12. Ke1f1 Bc8g4 13. bxc5 Bg4xf3 14. cxd4 Bf3xg2 15. Kf1g1 Bg2xh1 16. Kg1f1 Qe4g2 0-1

[Event "RHP Coorespondance"]
[Date "2008.02.22"]
[EndDate "2008.02.27"]
[Round "?"]
[White "Tomasino, James"]
[Black "Hamp, David"]
[WhiteRating "1785"]
[BlackRating "1129"]
[WhiteElo "1785"]
[BlackElo "1129"]
[Result "1-0"]
[GameId "4639657"]

1. e4 e5 2. Ng1f3 Nb8c6 3. d4 f6 4. dxe5 fxe5 5. Bc1g5 Bf8e7 6. Qd1d2 h6 7. Bg5h4 g5 8. Bh4g3 Be7f6 9. Qd2c3 d6 10. a4 g4 11. Nf3d2 Nc6d4 12. h3 h5 13. hxg4 h4 14. Bg3h2 Bc8xg4 15. f3 Bg4e6 16. Nb1a3 a6 17. Na3c4 b5 18. axb5 axb5 19. Ra1xa8 Qd8xa8 20. Nc4a5 c5 21. b4 cxb4 22. Qc3c7 Bf6d8 23. Qc7xd6 Qa8xa5 24. Qd6xe5 Bd8f6 25. Qe5b8 Bf6d8 26. Bh2e5 Qa5a1 27. Ke1f2 Qa1c3 28. Bf1xb5 Be6d7 29. Bb5xd7 Ke8xd7 30. Qb8d6 Kd7e8 31. Be5xd4 Qc3xd2 32. Kf2g1 Qd2e1 33. Kg1h2 Rh8h6 34. Qd6e5 Bd8e7 35. Rh1xe1 Ng8f6 36. Re1a1 Nf6d7 37. Ra1a8 Ke8f7 38. Qe5g7 Kf7e6 39. Qg7xh6 Nd7f6 40. Ra8a6 Be7d6 41. Kh2h3 Ke6e7 42. Qh6xf6 1-0

[Event "RHP Coorespondance"]
[Date "2008.02.19"]
[EndDate "2008.04.22"]
[Round "?"]
[White "Tomasino, James"]
[Black "Orlando, Christopher"]
[WhiteRating "1785"]
[BlackRating "1522"]
[WhiteElo "1785"]
[BlackElo "1522"]
[Result "1-0"]
[GameId "4635464"]

1. e4 c5 2. Nb1c3 Nb8c6 3. d3 Nc6d4 4. Ng1f3 d6 5. Nf3xd4 cxd4 6. Nc3e2 e5 7. f4 f6 8. f5 Ng8e7 9. g4 h6 10. Ne2g3 Bc8d7 11. Ng3h5 Ra8c8 12. Bc1d2 a5 13. b3 b5 14. a4 b4 15. g5 fxg5 16. f6 gxf6 17. Nh5xf6 Ke8f7 18. Qd1f3 Rc8xc2 19. Nf6xd7 Kf7e6 20. Qf3f6 Ke6xd7 21. Qf6xh8 Ne7g6 22. Qh8h7 Ng6e7 23. Bf1h3 Kd7e8 24. Bh3e6 Qd8b6 25. Qh7f7 Ke8d8 26. Qf7xf8 Kd8c7 27. Qf8xe7 Kc7c6 28. Be6d5 Kc6c5 29. O-O Qb6a6 30. Qe7c7 1-0

[Event "RHP Coorespondance"]
[Date "2008.02.19"]
[EndDate "2008.04.10"]
[Round "?"]
[White "Tomasino, James"]
[Black "Rosen, Joshua"]
[WhiteRating "1785"]
[BlackRating "1042"]
[WhiteElo "1785"]
[BlackElo "1042"]
[Result "1-0"]
[GameId "4635459"]

1. e4 e5 2. Ng1f3 d6 3. Nb1c3 Ng8f6 4. d4 c5 5. dxe5 dxe5 6. Qd1xd8 Ke8xd8 7. Bc1e3 Nb8c6 8. O-O-O Kd8e8 9. Bf1c4 Bc8e6 10. Nc3b5 Ra8d8 11. Nb5c7 Ke8e7 12. Be3xc5 Rd8d6 13. Rd1xd6 Nf6xe4 14. Nc7d5 Ke7e8 15. Nd5c7 Ke8e7 16. Rd6xe6 Ke7d7 17. Nc7e8 Ne4xc5 18. Rh1d1 Nc6d4 19. Nf3xe5 Kd7c8 20. Ne8d6 Kc8c7 21. Re6e8 Kc7xd6 22. Rd1xd4 Kd6c7 23. Ne5xf7 Rh8g8 24. Rd4d5 Kc7c6 25. b4 Nc5e4 26. Re8xe4 Bf8xb4 27. Re4e6 Kc6c7 28. Bc4b5 a6 29. Rd5d7 Kc7b8 30. Re6b6 Kb8a7 31. Rd7xb7 Ka7a8 32. Bb5xa6 Bb4c5 33. Rb6c6 Rg8b8 34. Rb7xb8 Ka8xb8 35. Rc6xc5 Kb8a7 36. Ba6c8 Ka7b6 37. Rc5c4 Kb6b5 38. Nf7d6 Kb5a5 39. a4 Ka5b6 40. Nd6b7 g6 41. Rc4c5 Kb6a7 42. a5 Ka7a6 43. Nb7d8 Ka6a7 44. Rc5c6 h5 45. Rc6b6 g5 46. Nd8e6 g4 47. Ne6c7 g3 48. Rb6b7 1-0

[Event "RHP Coorespondance"]
[Date "2008.02.04"]
[EndDate "2008.02.16"]
[Round "?"]
[White "Tomasino, James"]
[Black "Hensel, Douglas"]
[WhiteRating "1785"]
[BlackRating "1050"]
[WhiteElo "1785"]
[BlackElo "1050"]
[Result "1-0"]
[GameId "4571081"]

1. e4 g5 2. d4 e5 3. Bf1c4 d5 4. exd5 exd4 5. Qd1xd4 c5 6. Qd4e5 Bf8e7 7. Qe5xh8 Nb8d7 8. Qh8xg8 Nd7f8 9. d6 Qd8xd6 10. Qg8xf7 Ke8d7 11. Bc1xg5 Nf8g6 12. Qf7xh7 Kd7c6 13. Bg5e3 Bc8g4 14. Nb1c3 Ra8h8 15. Qh7f7 Ng6e5 16. Qf7f4 Qd6g6 17. Qf4xe5 Rh8d8 18. Qe5xe7 Rd8d6 19. Bc4b5 Kc6b6 20. b4 Bg4d7 21. Qe7d8 1-0

[Event "RHP Coorespondance"]
[Date "2008.02.04"]
[EndDate "2008.02.15"]
[Round "?"]
[White "Tomasino, James"]
[Black "Rosen, Joshua"]
[WhiteRating "1785"]
[BlackRating "1042"]
[WhiteElo "1785"]
[BlackElo "1042"]
[Result "1-0"]
[GameId "4571077"]

1. e4 e6 2. d4 d5 3. e5 c5 4. Ng1f3 Nb8c6 5. dxc5 Bf8xc5 6. Bc1g5 Qd8a5 7. Bg5d2 Bc5b4 8. c3 Bb4e7 9. b4 Qa5c7 10. Qd1a4 Bc8d7 11. b5 Nc6xe5 12. Bd2f4 g5 13. Bf4xe5 Be7d6 14. Be5xh8 f6 15. Bf1d3 O-O-O 16. c4 Qc7b6 17. Nb1c3 Bd6e7 18. Ra1c1 e5 19. cxd5 Be7d6 20. Nc3e4 Bd6c7 21. d6 Kc8b8 22. dxc7 Kb8a8 23. cxd8=Q Qb6xd8 24. Ne4d6 Ng8h6 25. Nf3xe5 Bd7e6 26. Rc1c8 Be6xc8 27. Nd6xc8 Qd8xc8 28. b6 Qc8c5 29. Qa4xa7 1-0

[Event "RHP Coorespondance"]
[Date "2008.01.30"]
[EndDate "2008.02.16"]
[Round "?"]
[White "Wyatt, Guy"]
[Black "Tomasino, James"]
[WhiteRating "1260"]
[BlackRating "1785"]
[WhiteElo "1260"]
[BlackElo "1785"]
[Result "0-1"]
[GameId "4553923"]

1. e4 e5 2. Ng1f3 Nb8c6 3. c3 Bf8c5 4. d4 exd4 5. Bc1g5 f6 6. Nf3h4 fxg5 7. Qd1h5 g6 8. Nh4xg6 Ng8f6 9. Qh5xg5 hxg6 10. Qg5xg6 Ke8f8 11. Bf1c4 Rh8h7 12. f4 Nf6xe4 13. Qg6xh7 Qd8f6 14. Qh7xe4 d6 15. g4 Bc8xg4 16. Rh1g1 Ra8e8 17. Nb1d2 Re8xe4 18. Nd2xe4 Qf6h4 19. Ne4f2 Bg4f5 20. O-O-O Qh4xf4 21. Rd1d2 dxc3 22. bxc3 Bc5a3 23. Kc1d1 Qf4xc4 24. Rg1g4 Qc4f1 0-1

[Event "RHP Coorespondance"]
[Date "2008.01.14"]
[EndDate "2008.01.26"]
[Round "?"]
[White "Rosen, Joshua"]
[Black "Tomasino, James"]
[WhiteRating "1042"]
[BlackRating "1785"]
[WhiteElo "1042"]
[BlackElo "1785"]
[Result "0-1"]
[GameId "4494080"]

1. d4 f5 2. f4 Ng8f6 3. e3 Nf6e4 4. Qd1f3 d5 5. Bf1b5 c6 6. Bb5d3 b5 7. Nb1c3 e6 8. Bc1d2 Bf8b4 9. O-O-O Nb8d7 10. a4 Bc8a6 11. axb5 cxb5 12. Nc3xb5 Qd8a5 13. c3 Ba6xb5 14. cxb4 Qa5a1 15. Kc1c2 Qa1a4 16. b3 Qa4a2 17. Kc2c1 Bb5xd3 18. Qf3h5 g6 19. Qh5h6 Qa2c2 0-1

[Event "RHP Coorespondance"]
[Date "2007.12.17"]
[EndDate "2007.12.17"]
[Round "?"]
[White "Tomasino, James"]
[Black "Hensel, Douglas"]
[WhiteRating "1785"]
[BlackRating "1050"]
[WhiteElo "1785"]
[BlackElo "1050"]
[Result "1-0"]
[GameId "4389772"]

1. e4 Ng8f6 2. e5 h5 3. exf6 gxf6 4. d4 e5 5. Qd1e2 Nb8c6 6. c3 b6 7. Ng1f3 Bf8h6 8. Bc1xh6 Rh8xh6 9. g3 e4 10. Qe2xe4 Nc6e7 11. Qe4xa8 Bc8b7 12. Qa8xb7 f5 13. Bf1g2 d6 14. O-O f4 15. Rf1e1 fxg3 16. fxg3 Ke8d7 17. Bg2h3 Ne7f5 18. Bh3xf5 Rh6e6 19. d5 Kd7e7 20. dxe6 fxe6 21. Re1xe6 Ke7f7 22. Qb7d5 c6 23. Bf5g6 Kf7g7 24. Qd5d4 Kg7f8 25. Qd4f4 Kf8g8 26. Qf4f7 Kg8h8 27. Qf7h7 1-0

[Event "RHP Coorespondance"]
[Date "2007.12.17"]
[EndDate "2008.01.03"]
[Round "?"]
[White "Fowler, Sabrina"]
[Black "Tomasino, James"]
[WhiteRating "976"]
[BlackRating "1785"]
[WhiteElo "976"]
[BlackElo "1785"]
[Result "0-1"]
[GameId "4388593"]

1. g4 e5 2. b4 d5 3. Nb1c3 Bf8xb4 4. Nc3xd5 Qd8xd5 5. f3 Nb8c6 6. Ra1b1 Bc8e6 7. a3 Qd5a2 8. axb4 Qa2xb1 9. Bc1a3 Qb1a2 10. Qd1c1 O-O-O 11. Ng1h3 Nc6d4 12. f4 Nd4xc2 13. Ke1d1 Nc2xa3 14. Nh3g5 Be6b3 15. Kd1e1 exf4 16. Bf1g2 h6 17. Ng5xf7 Bb3xf7 18. Rh1f1 g5 19. Rf1f3 Na3c2 20. Ke1f1 Qa2a1 21. Qc1xa1 Nc2xa1 22. Rf3a3 Rd8xd2 23. Ra3xa1 Bf7c4 24. Ra1xa7 Bc4xe2 25. Kf1g1 f3 26. Ra7a8 Kc8d7 27. Bg2f1 Rd2d1 28. Ra8a2 Rd1xf1 0-1

[Event "RHP Coorespondance"]
[Date "2007.12.16"]
[EndDate "2007.12.17"]
[Round "?"]
[White "Fowler, Sabrina"]
[Black "Tomasino, James"]
[WhiteRating "976"]
[BlackRating "1785"]
[WhiteElo "976"]
[BlackElo "1785"]
[Result "0-1"]
[GameId "4387423"]

1. g4 e5 2. e4 Nb8c6 3. Ng1f3 Bf8d6 4. c4 Ng8f6 5. g5 Nf6xe4 6. d3 Ne4xg5 7. Nf3xg5 Nc6d4 8. Bc1e3 h6 9. Nb1d2 hxg5 10. Nd2e4 Bd6e7 11. Ne4c3 b6 12. Nc3d5 Bc8b7 13. Nd5xe7 Bb7xh1 14. h3 Qd8xe7 15. Ra1c1 Qe7b4 16. Qd1d2 Nd4f3 17. Ke1d1 Nf3xd2 18. Be3xd2 Qb4xb2 19. Bf1e2 Rh8xh3 20. Be2g4 Rh3xd3 21. Rc1c2 Qb2d4 22. Bg4xd7 Ke8xd7 23. Kd1c1 Qd4xf2 24. Kc1b1 Bh1e4 25. Bd2xg5 Rd3d1 26. Bg5c1 Qf2xc2 27. Kb1a1 Rd1xc1 0-1

[Event "RHP Coorespondance"]
[Date "2007.12.13"]
[EndDate "2007.12.19"]
[Round "?"]
[White "Tomasino, James"]
[Black "Hamp, David"]
[WhiteRating "1785"]
[BlackRating "1129"]
[WhiteElo "1785"]
[BlackElo "1129"]
[Result "1-0"]
[GameId "4378887"]

1. e4 e5 2. Ng1f3 Nb8c6 3. Bf1b5 a6 4. Bb5a4 b5 5. Ba4b3 Ng8f6 6. O-O Bf8c5 7. c3 O-O 8. d4 Nf6xe4 9. dxc5 Ne4xc5 10. Nf3g5 Nc5e6 11. h4 e4 12. Bb3d5 a5 13. Bd5xe4 Ra8a6 14. Be4xh7 Kg8h8 15. Qd1h5 Ne6xg5 16. hxg5 Rf8e8 17. Bh7g6 Kh8g8 18. Bg6xf7 Kg8f8 19. g6 Re8e5 20. Qh5h8 Kf8e7 21. Qh8xg7 Qd8f8 22. Qg7xf8 Ke7xf8 23. Bc1h6 Kf8e7 24. f4 Re5h5 25. Rf1e1 Nc6e5 26. Re1xe5 Rh5xe5 27. fxe5 d6 28. Bh6g5 Ke7f8 29. e6 Bc8xe6 30. Bf7xe6 d5 31. Be6f5 Kf8g7 32. Nb1d2 c5 33. Ra1e1 d4 34. Re1e7 Kg7g8 35. Bg5h6 b4 36. Re7e8 1-0

[Event "RHP Coorespondance"]
[Date "2007.12.03"]
[EndDate "2007.12.13"]
[Round "?"]
[White "Tomasino, James"]
[Black "Hamp, David"]
[WhiteRating "1785"]
[BlackRating "1129"]
[WhiteElo "1785"]
[BlackElo "1129"]
[Result "1-0"]
[GameId "4338054"]

1. f4 b6 2. Ng1f3 Bc8b7 3. e3 f5 4. d3 Ng8f6 5. c4 c5 6. Nb1c3 Nb8c6 7. g3 Nf6g4 8. Bf1g2 Nc6b4 9. e4 e6 10. e5 Nb4c6 11. Nc3b5 Qd8b8 12. a4 Ng4xe5 13. fxe5 Nc6xe5 14. Bc1f4 d6 15. a5 a6 16. Nb5c3 bxa5 17. Nc3a4 Bb7c6 18. b3 Qb8b7 19. O-O Bf8e7 20. h4 Be7f6 21. Na4c3 O-O 22. Bf4xe5 dxe5 23. Ra1xa5 Rf8d8 24. Nc3a4 e4 25. Nf3g5 Rd8xd3 26. Qd1h5 Bf6xg5 27. Qh5xg5 Qb7xb3 28. Na4xc5 Qb3b4 29. Nc5xe6 g6 30. Ra5xf5 Rd3d8 31. Ne6xd8 Ra8xd8 32. Qg5xd8 Kg8g7 33. Rf5f7 Kg7h6 34. Qd8g5 1-0

[Event "RHP Coorespondance"]
[Date "2007.11.29"]
[EndDate "2007.12.21"]
[Round "?"]
[White "Spotto, Daniel"]
[Black "Tomasino, James"]
[WhiteRating "1607"]
[BlackRating "1785"]
[WhiteElo "1607"]
[BlackElo "1785"]
[Result "0-1"]
[GameId "4324017"]

1. e4 c5 2. d4 cxd4 3. c3 Nb8c6 4. Ng1f3 e5 5. Nb1d2 d5 6. Bf1d3 f6 7. O-O dxe4 8. Nd2xe4 Bc8f5 9. Ne4d6 Bf8xd6 10. Bd3xf5 Qd8e7 11. Nf3h4 Ke8d8 12. Qd1h5 Ng8h6 13. Bc1xh6 gxh6 14. Qh5xh6 Rh8e8 15. Bf5xh7 Qe7f8 16. Qh6h5 Nc6e7 17. Ra1d1 Qf8g7 18. Nh4f5 Ne7xf5 19. Bh7xf5 Re8h8 20. Qh5f3 Kd8c7 21. cxd4 exd4 22. Rd1xd4 Bd6xh2 23. Kg1h1 Bh2e5 24. Kh1g1 Be5xd4 25. Rf1e1 Ra8e8 26. Qf3f4 Bd4e5 27. Qf4c4 Kc7b8 28. Qc4d5 Qg7g5 29. g4 Be5h2 30. Kg1f1 Qg5f4 31. Re1e4 Re8d8 32. Qd5c4 Rd8d1 33. Kf1e2 Qf4d2 34. Ke2f3 Qd2d3 35. Qc4xd3 Rd1xd3 36. Kf3e2 Rh8d8 37. Re4e3 Rd3d2 38. Ke2f1 Rd2xb2 39. Kf1g2 Bh2f4 40. Re3e1 Rb2xa2 41. Kg2f3 Bf4g5 42. Re1e2 Ra2a3 43. Kf3g2 b5 44. Bf5e4 b4 45. Re2b2 a5 46. Be4c2 Rd8d2 47. Kg2f1 Kb8c7 48. Kf1e1 Kc7d6 49. Rb2b3 Ra3xb3 0-1

[Event "RHP Coorespondance"]
[Date "2007.11.28"]
[EndDate "2007.12.16"]
[Round "?"]
[White "Tomasino, James"]
[Black "Rodrigues, Nelio"]
[WhiteRating "1785"]
[BlackRating "1390"]
[WhiteElo "1785"]
[BlackElo "1390"]
[Result "1-0"]
[GameId "4321279"]

1. d4 h6 2. e4 d6 3. Nb1c3 Ng8f6 4. d5 e6 5. Bf1c4 e5 6. f4 Bc8g4 7. Ng1f3 a6 8. a4 Nb8d7 9. f5 Bg4xf3 10. Qd1xf3 Nd7c5 11. b4 Nc5d7 12. g4 Nf6h7 13. b5 Nd7b6 14. Qf3e2 Nb6xc4 15. Qe2xc4 Qd8h4 16. Ke1d1 Qh4xg4 17. Nc3e2 Ra8c8 18. b6 c6 19. dxc6 Rc8xc6 20. Qc4xc6 bxc6 21. b7 Ke8e7 22. b8=Q Qg4xe4 23. Qb8c7 Ke7f6 24. Rh1f1 Qe4d5 25. Bc1d2 Bf8e7 26. Ne2g3 g6 27. fxg6 Kf6xg6 28. Qc7xe7 Nh7g5 29. Qe7f6 Kg6h7 30. Qf6f5 Kh7g7 31. Ng3h5 Kg7f8 32. Qf5c8 Kf8e7 33. Qc8xh8 Ng5e4 34. Qh8xh6 Ne4c3 35. Kd1c1 Nc3e2 36. Kc1b1 1-0

[Event "RHP Coorespondance"]
[Date "2007.11.28"]
[EndDate "2007.12.07"]
[Round "?"]
[White "Rosen, Joshua"]
[Black "Tomasino, James"]
[WhiteRating "1042"]
[BlackRating "1785"]
[WhiteElo "1042"]
[BlackElo "1785"]
[Result "0-1"]
[GameId "4321031"]

1. e4 d5 2. d4 dxe4 3. Bf1b5 c6 4. Bb5c4 e6 5. Nb1c3 Qd8a5 6. Bc1f4 Nb8d7 7. f3 Bf8b4 8. Qd1d2 Nd7f6 9. Qd2e3 Ng8e7 10. fxe4 Nf6g4 11. Qe3h3 h5 12. d5 exd5 13. Bc4d3 Bb4xc3 14. Ke1e2 Bc3xb2 15. Ra1b1 Qa5xa2 16. c3 Bb2xc3 17. Ke2f1 Qa2f2 0-1

[Event "RHP Coorespondance"]
[Date "2007.11.28"]
[EndDate "2007.12.02"]
[Round "?"]
[White "Tomasino, James"]
[Black "Hamp, David"]
[WhiteRating "1785"]
[BlackRating "1129"]
[WhiteElo "1785"]
[BlackElo "1129"]
[Result "1-0"]
[GameId "4320224"]

1. d4 Ng8f6 2. c4 b5 3. c5 Nb8c6 4. e3 d6 5. Bf1xb5 Bc8b7 6. cxd6 Qd8xd6 7. Nb1c3 a6 8. Bb5a4 e5 9. d5 Nf6xd5 10. Nc3xd5 Ra8c8 11. e4 Bf8e7 12. f4 O-O 13. fxe5 Nc6xe5 14. Bc1f4 Qd6g6 15. Nd5xe7 Kg8h8 16. Ne7xg6 Ne5xg6 17. Bf4e3 Bb7xe4 18. Ng1e2 c6 19. Be3c5 Rf8e8 20. Rh1f1 Be4xg2 21. Rf1xf7 Re8e5 22. Qd1d7 Rc8g8 23. Ra1d1 Ng6f8 24. Bc5xf8 h5 25. Bf8xg7 Kh8h7 26. Bg7xe5 Kh7g6 27. Qd7f5 1-0

[Event "RHP Coorespondance"]
[Date "2007.11.26"]
[EndDate "2008.02.10"]
[Round "?"]
[White "Orlando, Christopher"]
[Black "Tomasino, James"]
[WhiteRating "1522"]
[BlackRating "1785"]
[WhiteElo "1522"]
[BlackElo "1785"]
[Result "0-1"]
[GameId "4312099"]

1. c4 e5 2. Ng1f3 Nb8c6 3. e4 Bf8c5 4. d3 Ng8f6 5. Bc1g5 Bc5b4 6. Nb1d2 d6 7. a3 Bb4xd2 8. Qd1xd2 Bc8g4 9. Bg5xf6 Qd8xf6 10. Nf3g5 Nc6d4 11. f3 Nd4b3 12. Qd2e3 Nb3xa1 13. fxg4 Na1c2 14. Ke1d2 Nc2xe3 15. Kd2xe3 Qf6xg5 16. Ke3f2 Qg5f4 17. Kf2e2 Qf4xg4 18. Ke2e3 Qg4d1 19. h3 Qd1c1 20. Ke3e2 Qc1xb2 21. Ke2e3 Qb2xa3 22. Bf1e2 Qa3c5 23. Ke3d2 Qc5f2 24. Rh1f1 Qf2xg2 25. Rf1f3 g5 26. Kd2e3 g4 27. Rf3f2 Qg2xh3 28. Ke3d2 g3 29. Rf2f3 Qh3h6 30. Kd2e1 g2 31. Rf3g3 Qh6h4 32. Ke1f2 g1=Q 33. Kf2xg1 Qh4xg3 34. Kg1f1 Rh8g8 0-1